El arte en la educación
Saved in:
| Hovedforfatter: | |
|---|---|
| Format: | Bog |
| Sprog: | spansk |
| Udgivet: |
Ciudad de México
Herrero
1957
|
| Serier: | Manuales pedagógicos Herrero, 4
|
| Fag: | |
| Tags: |
Tilføj Tag
Ingen Tags, Vær først til at tagge denne postø!
|
MARC
| LEADER | 00000nam a2200000 a 4500 | ||
|---|---|---|---|
| 001 | UCY8611 | ||
| 003 | CL-VaPUC | ||
| 008 | 950703e19570000MX |||||||||||||||||spa|d | ||
| 082 | 0 | 4 | |a 372.5 |b UZC |2 21 |
| 100 | 0 | |a Uzcátegui, Emilio |e author |9 340148 | |
| 245 | 1 | 3 | |a El arte en la educación |
| 300 | |a 189 p | ||
| 942 | |c BK | ||
| 945 | |d 19950703 00:00:00 |a cmena | ||
| 260 | |a Ciudad de México |b Herrero |c 1957 | ||
| 650 | 0 | |a Educación artística |9 269035 | |
| 650 | 0 | |a Sociología del arte |9 306278 | |
| 650 | 0 | |a Conceptos morales |9 310606 | |
| 650 | 0 | |a Poesía |9 265825 | |
| 650 | 0 | |a Enseñanza de la música |9 339802 | |
| 650 | 0 | |a Dibujo |9 260181 | |
| 650 | 0 | |a Cine |9 225706 | |
| 650 | 0 | |a Formación de docentes |9 329378 | |
| 583 | |a last modification |c 19950703 00:00:00 |k Rodrigo Vera | ||
| 490 | 0 | |a Manuales pedagógicos Herrero, 4 | |
| 999 | |c 235840 |d 235838 | ||
| 952 | |0 0 |1 0 |4 0 |6 372_500000000000000_UZC_1957 |7 0 |8 P |9 243506 |a BIBEDU |b BIBEDU |c BIBEDU_PB |d 2019-11-18 |i 1526472 |o 372.5 UZC 1957 |p 1526472 |r 2024-01-25 |w 2019-11-18 |y BK |k EDU | ||